000 00467nam a2200181Ia 4500
005 20250423100346.0
008 250422s9999 xx 000 0 und d
020 _a9789386314093
050 _aQD 162 .K86/
100 _aKumar, D. Yashwanth
245 0 _aNoble gases elements
260 _aNew Delhi
260 _bRandom Publications
260 _c2017
300 _a312 p
650 _a Gases, Rare--Juvenile literature. Gases, Rare.
942 _cBK
999 _c33067
_d33067